[Event "Buenos Aires"]
[Site "Buenos Aires"]
[Date "1992.??.??"]
[Round "?"]
[White "Larsen, Bent"]
[Black "Benjamin, Joel"]
[Result "1/2-1/2"]
[WhiteElo "2535"]
[BlackElo "2555"]

1.e4 c5 2.Nf3 d6 3.d4 cxd4 4.Nxd4 Nf6 5.Nc3 Nc6 6.Bg5 e6 7.Qd2 a6 8.O-O-O h6
9.Be3 Nxd4 10.Bxd4 Be7 11.f4 b5 12.Bd3 Bb7 13.Rhe1 O-O 14.Kb1 b4 15.Ne2 Qc7
16.e5 Nd5 17.Ng3 dxe5 18.Bxe5 Bd6 19.Bxd6 Qxd6 20.f5 Qb6 21.Ka1 Rad8 22.Re4 a5
23.Rde1 Nf6 24.Rh4 Ba6 25.fxe6 fxe6 26.Qe2 Bxd3 27.cxd3 Rd6 28.Rf4 Qb5 29.Rc4 Rfd8
30.Kb1 Kh8 31.Ne4 Rxd3 32.Rc5 Qd7 33.Nxf6 gxf6 34.Qxe6 Qxe6 35.Rxe6 Rd2 36.Rxf6 Rxg2
37.Rxh6+ Kg7 38.Rh3 Rf2 39.a4 bxa3 40.Rxa3 Rb8 41.Rc2 Rf5 42.Rac3 Rbb5 43.Rc6 Kf7
44.Rh6 Rfc5 45.Rg2 Rg5 46.Rxg5 Rxg5 47.Rd6 Rh5 48.Rd2 Ke6 49.Ka2 Rh3 50.b3 Rh5
51.Ka3 Rh4  1/2-1/2

[Event "Buenos Aires"]
[Site "Buenos Aires"]
[Date "1992.??.??"]
[Round "?"]
[White "Brunner, Lucas"]
[Black "Benjamin, Joel"]
[Result "1/2-1/2"]
[WhiteElo "2500"]
[BlackElo "2555"]

1.e4 c5 2.Nf3 d6 3.d4 cxd4 4.Nxd4 Nf6 5.Nc3 Nc6 6.Bc4 Qb6 7.Nb3 e6 8.O-O Be7
9.Bg5 O-O 10.Bxf6 gxf6 11.Kh1 Kh8 12.f4 Rg8 13.a4 a6 14.Qh5 Rg7 15.a5 Qd8
16.Na4 Bd7 17.Nb6 Rb8 18.Nxd7 Qxd7 19.c3 Qc7 20.Nd2 Rbg8 21.g3 Bd8  1/2-1/2

[Event "Buenos Aires"]
[Site "Buenos Aires"]
[Date "1992.??.??"]
[Round "?"]
[White "Benjamin, Joel"]
[Black "Ricardi, Pablo"]
[Result "1/2-1/2"]
[WhiteElo "2555"]
[BlackElo "2465"]

1.e4 c6 2.d4 d5 3.Nc3 dxe4 4.Nxe4 Bf5 5.Ng3 Bg6 6.h4 h6 7.Nf3 Nd7 8.h5 Bh7
9.Bd3 Bxd3 10.Qxd3 e6 11.Bf4 Qa5+ 12.Bd2 Qc7 13.O-O-O Ngf6 14.Qe2 O-O-O 15.Ne5 Nxe5
16.dxe5 Nd7 17.f4 Be7 18.Kb1 Nc5 19.Be3 Rxd1+ 20.Rxd1 Rd8 21.Bxc5 Bxc5 22.Ne4 Be7
23.a3 Rxd1+ 24.Qxd1 Qb6 25.Qf3 Qg1+ 26.Ka2 Qd4 27.Qe2 Kc7 28.g3 Qd5+ 29.c4 Qd4
30.Kb3 a5 31.Kc2 a4 32.Qd3 Qg1 33.Qd2 Qh1 34.Qe2 Qg1 35.Qd2  1/2-1/2

[Event "Buenos Aires"]
[Site "Buenos Aires"]
[Date "1992.??.??"]
[Round "?"]
[White "Benjamin, Joel"]
[Black "Milos, Gilberto"]
[Result "1/2-1/2"]
[WhiteElo "2555"]
[BlackElo "2515"]

1.e4 e5 2.Nf3 Nc6 3.Bb5 a6 4.Bxc6 dxc6 5.O-O Qd6 6.Na3 Be6 7.Ng5 Bd7 8.Nc4 Qg6
9.d3 f6 10.Nf3 O-O-O 11.Nh4 Qe8 12.Qf3 h5 13.Nf5 g6 14.Nfe3 Bg7 15.Bd2 Nh6
16.Bc3 Rg8 17.Qg3 g5 18.f3 Nf7 19.Rad1 Qe7 20.Qf2 Kb8 21.d4 exd4 22.Bxd4 Be6
23.Rfe1 Ne5 24.Nxe5 fxe5 25.Bc3 Rdf8 26.a3 Rf4 27.Qe2 g4 28.fxg4 Bxg4 29.Nxg4 Rxg4
30.Qf3 Bh6 31.Re2 Bf4 32.Be1 Rf8 33.Qh3 Qg7 34.Kh1 Qg6  1/2-1/2

[Event "Buenos Aires"]
[Site "Buenos Aires"]
[Date "1992.??.??"]
[Round "?"]
[White "Benjamin, Joel"]
[Black "Chernin, Alexander"]
[Result "1/2-1/2"]
[WhiteElo "2555"]
[BlackElo "2620"]

1.e4 d6 2.d4 Nf6 3.Nc3 g6 4.Be2 Bg7 5.h4 c5 6.dxc5 Qa5 7.Qd3 Qxc5 8.Be3 Qa5
9.h5 Nxh5 10.Qb5+ Qxb5 11.Nxb5 Na6 12.Bxh5 gxh5 13.O-O-O f5 14.exf5 Bxf5
15.Rxd6 Bxc2 16.Rd2 Bg6 17.Rh4 O-O 18.Ne2 Rfc8+ 19.Kd1 Bf6 20.Rh3 Nc5 21.Nbc3 Nd3
22.Nd5 Nxb2+ 23.Rxb2 Bxb2 24.Nxe7+ Kh8 25.Nxc8 Rxc8 26.Bxa7 Ra8 27.Bc5 Rxa2
28.Rb3 Be5 29.Rxb7 Bc2+ 30.Ke1 Bd3 31.Nd4 Bf4 32.Nb3 Kg8 33.Ra7 Re2+ 34.Kd1 Re8
35.g3 Be5 36.Re7 Rxe7 37.Bxe7  1/2-1/2

[Event "Cannes team g/60"]
[Site "Cannes"]
[Date "1992.??.??"]
[Round "1"]
[White "Benjamin, Joel"]
[Black "Van der Wiel, John TH"]
[Result "1-0"]
[WhiteElo "2555"]
[BlackElo "2540"]

1.e4 e5 2.Nf3 Nc6 3.Bb5 a6 4.Bxc6 dxc6 5.O-O Bg4 6.h3 Bh5 7.g4 Bg6 8.Nxe5 f6
9.Nxg6 hxg6 10.Qf3 Qd7 11.Nc3 O-O-O 12.d4 Qxd4 13.Rd1 Qc4 14.Rxd8+ Kxd8 15.Bf4 Kc8
16.Rd1 Bb4 17.Qe3 Qc5 18.Qd3 Qe7 19.Na4 Nh6 20.a3 Bd6 21.Bxd6 cxd6 22.Qxd6 Qxd6
23.Rxd6 Nf7 24.Nb6+ Kb8 25.Rd7 Ng5 26.Rxg7 Nxh3+ 27.Kg2 Nf4+ 28.Kf3 Ne6 29.Re7 Rh3+
30.Ke2 Nd4+ 31.Kd2 Nf3+ 32.Kd1 Rh1+ 33.Ke2 Nd4+ 34.Kd2 Rh2 35.Kd3 Nf3 36.Ke3 Rh3
37.Nd7+ Kc7 38.Nxf6+ Kd6 39.Rxb7 Ke6 40.Ne8 Ng5+ 41.Kf4 Nf7 42.g5 Rh4+ 43.Kg3 Rxe4
44.Ng7+  1-0

[Event "Cannes team g/60"]
[Site "Cannes"]
[Date "1992.??.??"]
[Round "2"]
[White "Santo Roman, Marc"]
[Black "Benjamin, Joel"]
[Result "0-1"]
[WhiteElo "2495"]
[BlackElo "2555"]

1.e4 c5 2.Nf3 Nc6 3.d4 cxd4 4.Nxd4 Qb6 5.Nb3 Nf6 6.Nc3 e6 7.Be3 Qc7 8.f4 d6
9.Bd3 a6 10.a4 b6 11.O-O Be7 12.Qf3 O-O 13.a5 bxa5 14.e5 dxe5 15.fxe5 Nd7
16.Qh3 g6 17.Bh6 Ncxe5 18.Bxf8 Bxf8 19.Ne4 f5 20.Nxa5 Rb8 21.Ng5 Nf6 22.b3 Nfg4
23.Qg3 Bd6 24.h3 Nxd3 25.Qxd3 Bc5+  0-1

[Event "Cannes team g/60"]
[Site "Cannes"]
[Date "1992.??.??"]
[Round "3"]
[White "Benjamin, Joel"]
[Black "Chandler, Murray G"]
[Result "1-0"]
[WhiteElo "2555"]
[BlackElo "2590"]

1.Nf3 c5 2.c4 Nc6 3.Nc3 Nf6 4.d4 cxd4 5.Nxd4 e6 6.e4 Bb4 7.Nxc6 dxc6 8.Qxd8+ Kxd8
9.e5 Ne4 10.a3 Bxc3+ 11.bxc3 Kc7 12.h4 b6 13.Rh3 f5 14.exf6 gxf6 15.Bh6 Rg8
16.Re3 Nc5 17.Rf3 Nd7 18.g3 Ba6 19.O-O-O Rad8 20.Bf4+ e5 21.Be3 Rgf8 22.Rf5 Rf7
23.Be2 Bc8 24.Rh5 Nf8 25.Rh6 Rxd1+ 26.Bxd1 Bf5 27.c5 b5 28.Bb3 Be6 29.Bc2 Kd7
30.Bd1 Bf5 31.Bh5 Bg6 32.Bg4+ f5 33.Bh3 Rg7 34.h5 Bf7 35.Bxf5+ Be6 36.Be4 Rg4
37.Bxh7 Ke7 38.Bd3 a5 39.Be2 Ra4 40.Bg5+ Kd7 41.Rh8 Rxa3  1-0

[Event "Cannes team g/60"]
[Site "Cannes"]
[Date "1992.??.??"]
[Round "4"]
[White "Sosonko, Gennadi"]
[Black "Benjamin, Joel"]
[Result "1/2-1/2"]
[WhiteElo "2530"]
[BlackElo "2555"]

1.d4 Nf6 2.c4 e6 3.g3 Bb4+ 4.Bd2 Qe7 5.Nf3 Nc6 6.Nc3 Bxc3 7.Bxc3 Ne4 8.Rc1 d6
9.d5 Nxc3 10.Rxc3 Ne5 11.Nd4 O-O 12.Bg2 Ng4 13.dxe6 fxe6 14.O-O c6 15.h3 Nf6
16.Qd2 e5 17.Nc2 Bf5 18.Qe3 d5 19.cxd5 cxd5 20.Qc5 Qe6 21.Nb4 d4 22.Ra3 Rac8
23.Qa5 Bxh3 24.Qxa7 Bxg2 25.Kxg2 Qc4 26.Nd3 e4 27.Rc1 Qf7 28.Ne5 Qd5 29.Ra5 b5
30.Rxc8 Rxc8 31.Qa6 Rb8 32.Nc6 e3+ 33.f3 Qc4 34.Nxb8 Qxe2+ 35.Kh3 Qf1+ 36.Kh2 Qf2+
37.Kh3 Qf1+ 38.Kh2 Qf2+ 39.Kh3 Qf1+ 40.Kh4  1/2-1/2

[Event "Cannes team g/60"]
[Site "Cannes"]
[Date "1992.??.??"]
[Round "5"]
[White "Benjamin, Joel"]
[Black "Santo Roman, Marc"]
[Result "1-0"]
[WhiteElo "2555"]
[BlackElo "2495"]

1.e4 Nf6 2.e5 Nd5 3.d4 d6 4.Nf3 g6 5.Bc4 Nb6 6.Bb3 Bg7 7.a4 a5 8.Qe2 Nc6
9.O-O dxe5 10.dxe5 Nd4 11.Nxd4 Qxd4 12.Re1 Bg4 13.Qf1 Nd7 14.Nc3 Nxe5 15.Nb5 Qd7
16.Bf4 c6 17.Bxe5 Bxe5 18.Rxe5 cxb5 19.h3 Bf5 20.Rd1 Qc6 21.Rxb5 O-O 22.c3 Qc7
23.Qe2 Rfd8 24.Rxd8+ Rxd8 25.Qe5 Qxe5 26.Rxe5 e6 27.Re2 h5 28.h4 Kf8 29.f3 Ke7
30.Kf2 Rd6 31.Ba2 f6 32.Ke1 e5 33.Rd2 Rxd2 34.Kxd2 Be6 35.Bb1 f5 36.b4 Kd6
37.g3 Bb3 38.bxa5 Bxa4 39.Ba2 Be8 40.Ke3 Kc5 41.Be6 Kb5 42.Bd5  1-0

[Event "Cannes team g/60"]
[Site "Cannes"]
[Date "1992.??.??"]
[Round "6"]
[White "Chandler, Murray G"]
[Black "Benjamin, Joel"]
[Result "1/2-1/2"]
[WhiteElo "2590"]
[BlackElo "2555"]

1.e4 c5 2.Nf3 Nc6 3.d4 cxd4 4.Nxd4 Qb6 5.Nb3 Nf6 6.Nc3 e6 7.Bd3 Be7 8.O-O d6
9.Be3 Qc7 10.f4 a6 11.a4 b6 12.Qf3 O-O 13.Rae1 Bb7 14.Qh3 Nb4 15.Nd2 Rfe8
16.Rf3 g6 17.Rg3 Rad8 18.Bf2 Bf8 19.Qh4 Be7 20.Qh3 Bf8 21.Qh4 Bg7 22.Nc4  1/2-1/2

[Event "Las Vegas op"]
[Site "Las Vegas"]
[Date "1992.??.??"]
[Round "?"]
[White "Gurevich, Dmitry"]
[Black "Benjamin, Joel"]
[Result "0-1"]
[WhiteElo "2515"]
[BlackElo "2555"]

1.Nf3 Nf6 2.c4 e6 3.g3 a6 4.Nc3 d5 5.cxd5 exd5 6.d4 Be7 7.Bg2 O-O 8.O-O Re8
9.Bf4 Nbd7 10.Qc2 Nf8 11.Rfd1 c6 12.a3 g6 13.Rac1 Ne6 14.Qb3 Nxf4 15.gxf4 Bd6
16.Ne5 Qe7 17.Na4 Bf5 18.Nc5 Rab8 19.Qc3 Qf8 20.e3 Re7 21.b4 Qh6 22.Qd2 Ng4
23.h3 Nxe5 24.dxe5 Bxc5 25.Rxc5 Bxh3 26.a4 Re6 27.e4 Bxg2 28.Kxg2 dxe4 29.Rc4 Qh5
30.Rxe4 Qg4+ 31.Kf1 g5 32.f5 Qxf5 33.Qe3 Rbe8 34.Re1 f6 35.Qa7 fxe5 36.Qxb7 Rh6
37.R4e3 Rf8 38.R1e2 Qb1+  0-1

[Event "Las Vegas op"]
[Site "Las Vegas"]
[Date "1992.??.??"]
[Round "?"]
[White "Brooks, Michael A"]
[Black "Benjamin, Joel"]
[Result "1/2-1/2"]
[WhiteElo "2440"]
[BlackElo "2555"]

1.e4 c5 2.Nc3 Nc6 3.g3 g6 4.Bg2 Bg7 5.d3 d6 6.Be3 Rb8 7.Qd2 b5 8.Nge2 Nd4
9.O-O e6 10.Nd1 b4 11.Nc1 Ne7 12.c3 bxc3 13.bxc3 Ndc6 14.Bh6 O-O 15.Bxg7 Kxg7
16.Ne3 Ba6 17.Rd1 Qa5 18.Nb3 Qa3 19.f4 f6 20.f5 e5 21.h4 gxf5 22.exf5 Kh8
23.g4 Qa4 24.Rf1 c4 25.dxc4 Bxc4 26.Rfd1 Rbd8 27.Qf2 Rg8 28.g5 fxg5 29.f6 Rdf8
30.h5 Be6 31.Rf1 Nc8 32.Rad1 g4 33.Qh4 Qxa2 34.Nc1 Qa6 35.f7 Rg7 36.Qf6 Qb6
37.Rde1 Rxf7 38.Qxe6 Rxf1+ 39.Bxf1 N8e7 40.Bd3 Nd8 41.Qf6 Ng8 42.Qh4 Ne6
43.h6 Rf7 44.Qxg4 Nf4 45.Bf1 Nxh6 46.Qc8+ Ng8 47.Nd3 Rf6 48.Kh2 Rh6+ 49.Kg3 Nh5+
50.Kf3 Rf6+ 51.Ke2 e4 52.Nb4 a5 53.Nbc2 Ng3+ 54.Kd2 d5 55.Qe8 Qd6 56.Be2 Rf8
57.Qa4 Nxe2 58.Rxe2 Ne7 59.Qxa5 Rd8 60.Nd4 Ng6 61.Ndf5 Qf6 62.Nxd5 Nf4 63.Rxe4 Nxd5
64.Nd4 Qf2+ 65.Re2 Qf4+ 66.Kc2 Qg5 67.Re5 Qxe5 68.Qxd8+ Kg7 69.Qd7+ Kg6  1/2-1/2

[Event "Manila ol (Men)"]
[Site "Manila"]
[Date "1992.??.??"]
[Round "?"]
[White "Benjamin, Joel"]
[Black "Bagirov, Vladimir"]
[Result "1/2-1/2"]
[WhiteElo "2555"]
[BlackElo "2500"]

1.e4 Nf6 2.e5 Nd5 3.d4 d6 4.Nf3 dxe5 5.Nxe5 Nd7 6.Nf3 e6 7.c4 N5f6 8.Nc3 c5
9.d5 exd5 10.cxd5 Bd6 11.Bg5 h6 12.Bh4 O-O 13.Be2 Ne5 14.O-O Ng6 15.Bg3 a6
16.a4 b6 17.Re1 Bb7 18.Bc4 Qc7 19.Qd3 Rfd8 20.Rad1 Nf4 21.Qc2 Re8 22.Ne4 Nxe4
23.Rxe4 Rxe4 24.Qxe4 Ng6 25.Nd2 Bxg3 26.hxg3 Qd7 27.Qc2 b5 28.axb5 axb5 29.Bd3 Qxd5
30.Be4 Qd7 31.Bxb7 Qxb7 32.Ne4 c4 33.Nd6 Qc6 34.Nf5 Re8 35.Rd6 Re1+ 36.Kh2 Qe4
37.Qxe4 Rxe4 38.Rb6 Ne5 39.f3 Re2 40.Rxb5 Nxf3+ 41.Kh3 Ng5+ 42.Kh2 Nf3+ 43.Kh3 Ne1
44.Nd6 Rxg2 45.Nxc4 Rc2 46.Nd6 Nd3 47.Rb8+ Kh7 48.Nxf7 Nxb2 49.Rd8 Rc5 50.Nd6 Rd5
51.Nf7 Rh5+ 52.Kg4 Rc5 53.Nd6 Nd3 54.Ne4 Ne5+ 55.Kf4 Ra5 56.Re8  1/2-1/2

[Event "Manila ol (Men)"]
[Site "Manila"]
[Date "1992.??.??"]
[Round "?"]
[White "Benjamin, Joel"]
[Black "Minasian, Artashes"]
[Result "1-0"]
[WhiteElo "2555"]
[BlackElo "2545"]

1.d4 Nf6 2.c4 c5 3.d5 g6 4.Nc3 Bg7 5.e4 d6 6.Nf3 O-O 7.h3 e6 8.Bd3 exd5 9.exd5 Re8+
10.Be3 a6 11.a4 Nbd7 12.O-O Qe7 13.Re1 Qf8 14.Qd2 Ne5 15.Nxe5 Rxe5 16.a5 Bd7
17.Bf4 Rxe1+ 18.Rxe1 Nh5 19.Bh2 Bh6 20.Qd1 Nf4 21.Bf1 Re8 22.Re3 Rxe3 23.fxe3 Nh5
24.Qf3 f5 25.g4 Nf6 26.h4 Ne8 27.gxf5 Qxf5 28.Qxf5 gxf5 29.Kf2 Bg7 30.Kf3 Bf6
31.h5 Bd8 32.Bd3 Bxa5 33.Ne2 Kf7 34.Ng3 Kf6 35.e4 Be1 36.exf5 Bxg3 37.Bxg3 Kg5
38.Bf4+ Kxh5 39.Kg3 Bxf5 40.Bxf5 b5 41.b3 bxc4 42.bxc4 a5 43.Bc2 h6 44.Kf3  1-0

[Event "Manila ol (Men)"]
[Site "Manila"]
[Date "1992.??.??"]
[Round "?"]
[White "Bern, Ivar"]
[Black "Benjamin, Joel"]
[Result "1/2-1/2"]
[WhiteElo "2395"]
[BlackElo "2555"]

1.g3 g6 2.Bg2 Bg7 3.e4 c5 4.d3 Nc6 5.f4 d6 6.Nf3 e5 7.O-O Nge7 8.c3 O-O 9.Be3 b6
10.h3 d5 11.Nxe5 Nxe5 12.fxe5 dxe4 13.Bg5 Bb7 14.Nd2 Bxe5 15.Nxe4 Qc7 16.g4 Bg7
17.Qe1 Rae8 18.Bf4 Qd7 19.Qg3 Bxe4 20.dxe4 Nc6 21.Rad1 Qc8 22.Rd5 Re6 23.h4 Qe8
24.h5 Be5 25.g5 Bxf4 26.Rxf4 Qe7 27.hxg6 fxg6 28.Rxf8+ Kxf8 29.Qf4+ Kg8 30.Qd2 Ne5
31.Rd8+ Kg7 32.Kh1 Nf7 33.Rd7 Rd6 34.Rxe7 Rxd2 35.Rxa7 Kf8 36.Ra8+ Ke7 37.Ra7+ Kf8
38.Ra8+ Ke7  1/2-1/2

[Event "Manila ol (Men)"]
[Site "Manila"]
[Date "1992.??.??"]
[Round "?"]
[White "Iuldachev, Saidali"]
[Black "Benjamin, Joel"]
[Result "0-1"]
[WhiteElo "2355"]
[BlackElo "2555"]

1.e4 c5 2.Nf3 d6 3.d4 cxd4 4.Nxd4 Nf6 5.Nc3 Nc6 6.g3 g6 7.Bg2 Nxd4 8.Qxd4 Bg7
9.b3 O-O 10.Bb2 Be6 11.O-O Qa5 12.Nd1 Rfc8 13.c4 Rab8 14.Bc3 Qa3 15.Bb2 Qa5
16.Bc3 Qc5 17.Ne3 Qxd4 18.Bxd4 Ng4 19.Nc2 b5 20.h3 Ne5 21.Bxa7 Ra8 22.Bd4 bxc4
23.b4 Bd7 24.Rfd1 Ba4 25.Rd2 c3 26.Re2 Rc4 27.Rd1 Bb5 28.Re3 Rxa2 29.Bf1 Rxc2
30.Bxc4 Nxc4 31.Ree1 Nd2  0-1

[Event "New York Reshevsky"]
[Site "New York"]
[Date "1992.??.??"]
[Round "1"]
[White "Benjamin, Joel"]
[Black "Rohde, Michael A"]
[Result "1/2-1/2"]
[WhiteElo "2570"]
[BlackElo "2585"]

1.d4 Nf6 2.c4 e6 3.Nf3 d5 4.Nc3 Bb4 5.Bg5 h6 6.Bxf6 Qxf6 7.e3 O-O 8.Rc1 Rd8
9.a3 Bxc3+ 10.Rxc3 Nc6 11.cxd5 exd5 12.Be2 Ne7 13.Ne5 c6 14.Bg4 Bxg4 15.Qxg4 Nf5
16.O-O Nd6 17.Rfc1 a5  1/2-1/2

[Event "New York Marshall CC"]
[Site "New York"]
[Date "1992.??.??"]
[Round "1"]
[White "Vulicevic, Nenad"]
[Black "Benjamin, Joel"]
[Result "0-1"]
[WhiteElo "2320"]
[BlackElo "2570"]

1.e4 c5 2.Nf3 d6 3.d4 cxd4 4.Nxd4 Nf6 5.Nc3 Nc6 6.g3 g6 7.Bg2 Nxd4 8.Qxd4 Bg7
9.O-O O-O 10.Qd3 Be6 11.Nd5 Rc8 12.c3 Re8 13.h3 Qa5 14.Bg5 Bxd5 15.exd5 e5
16.Rfe1 Nd7 17.g4 Nc5 18.Qc2 Qa4 19.Qxa4 Nxa4 20.Re2 f5 21.Rd1 Kf7 22.Bc1 Bf6
23.gxf5 gxf5 24.Bf3 Rg8+ 25.Kh1 Bg5 26.Bh5+ Kf8 27.f4 Bxf4 28.Bxf4 exf4 29.Rd4 Rg5
30.Rxa4 Rxh5 31.Kh2 f3 32.Rf2 Re8 33.Rf4 Kf7 34.R4xf3 Kf6 35.c4 Re4 36.Rb3 b6
37.Ra3 a5 38.Rb3 Rxc4 39.Rxb6 Ke5 40.Rd2 Rhh4 41.Rb7 Rcd4 42.Re2+ Rde4 43.Rd2 Rd4
44.Re2+ Rhe4 45.Rf2 h5 46.Rb5 a4 47.Kg3 Rf4 48.Re2+ Rde4 49.Rd2 Re3+ 50.Kg2 Rff3
51.Rb4 Rg3+ 52.Kf2 a3 53.bxa3 Rxh3 54.Re2 Rxe2+ 55.Kxe2 Rxa3  0-1

[Event "New York Marshall CC"]
[Site "New York"]
[Date "1992.??.??"]
[Round "2"]
[White "Benjamin, Joel"]
[Black "Edelman, Daniel"]
[Result "1-0"]
[WhiteElo "2570"]
[BlackElo "2400"]

1.e4 e6 2.d4 d5 3.e5 c5 4.c3 Nc6 5.Nf3 Qb6 6.Be2 cxd4 7.cxd4 Nh6 8.Bd3 Nf5
9.Bxf5 exf5 10.O-O Be6 11.Nc3 h6 12.h4 Be7 13.Ne2 O-O-O 14.Rb1 g5 15.hxg5 hxg5
16.Bxg5 Bxg5 17.Nxg5 Rh5 18.f4 Rdh8 19.Nf3 Kb8 20.Kf2 Bd7 21.Qb3 Qa6 22.Ng3 R5h6
23.Rh1 Ne7 24.Rxh6 Rxh6 25.Qb4 Nc8 26.Ra1 Rc6 27.Qd2 Nb6 28.b3 Nc8 29.Ne2 Qa3
30.Nc3 Qa5 31.Rc1 a6 32.Ne2 Qa3 33.Rxc6 Bxc6 34.Nc3 Qb4 35.Nd1 Qa3 36.Nc3 Qb4
37.Ne2 Qa3 38.Ng5 Qe7 39.Ng3 Bd7 40.Qa5 Be6 41.Qc5 Qd7 42.Nh5 b6 43.Qc3 Na7
44.Qb4 Kb7 45.Qf8 Nb5 46.Nxe6 fxe6 47.Qg7 Qxg7 48.Nxg7 Nxd4 49.Ke3 Nc2+ 50.Kd2 Nb4
51.Nxe6 a5 52.Ng7 Kc7 53.a3 Na6 54.Nxf5 Nc5 55.Nd4  1-0

[Event "New York Marshall CC"]
[Site "New York"]
[Date "1992.??.??"]
[Round "3"]
[White "Shabalov, Alexander"]
[Black "Benjamin, Joel"]
[Result "1/2-1/2"]
[WhiteElo "2525"]
[BlackElo "2570"]

1.e4 e5 2.Nf3 Nc6 3.Bb5 a6 4.Ba4 Nf6 5.O-O Be7 6.Re1 b5 7.Bb3 O-O 8.h3 Bb7
9.d3 Re8 10.Nbd2 Bf8 11.a3 d6 12.Ba2 Nb8 13.b4 Nbd7 14.Nb3 Rb8 15.Na5 Ba8
16.Ng5 Re7 17.f4 c5 18.fxe5 Nxe5 19.Bb2 c4 20.dxc4 h6 21.Nf3 Nxe4 22.Nxe5 dxe5
23.Qxd8 Rxd8 24.Rad1 Rxd1 25.Rxd1 Ng3 26.c5 e4 27.Rd8 e3 28.Rxa8 Rd7 29.h4 Rd1+
30.Kh2 e2 31.Re8 Nf1+ 32.Kh3 e1=Q 33.Rxe1 Rxe1 34.Nc6 Re3+ 35.Kg4 h5+ 36.Kg5 Rg3+
37.Kf4 Rxg2 38.Ne5 Rf2+ 39.Ke4 Rxc2 40.Bxf7+ Kh7 41.Bd4 Be7 42.Kd5 Rd2 43.Bg6+ Kg8
44.c6 Bd8 45.Nf3 Rd1 46.Kc5 Bc7 47.Bf5 Ng3 48.Bg6 Ne2 49.Be5 Rc1+ 50.Kd5 Nf4+
51.Bxf4 Bxf4 52.Nd4 Rd1 53.Bc2 Rd2 54.Bb3 Kf8 55.Ke4 Rxd4+ 56.Kxd4 Ke7 57.Kd5 Kd8
58.a4 bxa4 59.Bxa4 Kc7 60.Bd1 Bd2 61.Bxh5 Bxb4  1/2-1/2

[Event "New York Reshevsky"]
[Site "New York"]
[Date "1992.??.??"]
[Round "4"]
[White "Polgar, Zsuzsa"]
[Black "Benjamin, Joel"]
[Result "1/2-1/2"]
[WhiteElo "2540"]
[BlackElo "2570"]

1.d4 Nf6 2.Nf3 g6 3.c4 Bg7 4.g3 O-O 5.Bg2 c6 6.Nc3 d6 7.O-O Qa5 8.e4 Bg4
9.Qb3 Bxf3 10.Bxf3 Qb6 11.Qxb6 axb6 12.Be3 Na6 13.a3 Nc7 14.h3 Nd7 15.Rfd1 Ne6
16.Bg4 h5 17.Bxe6 fxe6 18.Kg2 Kh7 19.Rac1 e5 20.d5 Bh6 21.Bxh6 Kxh6 22.Ne2 g5
23.g4 h4 24.Rc3 Ra4 25.f3 Rfa8 26.Nc1 Rc8 27.Rdd3 Nf8 28.Ne2 Ng6 29.Kf2 Kg7
30.Ke3 Kf7  1/2-1/2

[Event "New York Marshall CC"]
[Site "New York"]
[Date "1992.??.??"]
[Round "4"]
[White "Benjamin, Joel"]
[Black "Moskow, Eric"]
[Result "1-0"]
[WhiteElo "2570"]
[BlackElo "2240"]

1.d4 Nf6 2.c4 e6 3.Nf3 Bb4+ 4.Nbd2 O-O 5.a3 Bxd2+ 6.Bxd2 b6 7.Bg5 Bb7 8.e3 h6
9.Bh4 d6 10.Bd3 Nbd7 11.O-O g5 12.Bg3 Ne4 13.Nd2 Nxd2 14.Qxd2 f5 15.f3 Qf6
16.Bc2 Rf7 17.b4 e5 18.Rad1 f4 19.Bf2 g4 20.fxg4 Qg5 21.d5 Qxg4 22.h3 Qg5
23.exf4 exf4 24.Bd4 Ne5 25.Bxe5 dxe5 26.Rde1 Re8 27.Rf2 Bc8 28.Qc3 Bd7 29.c5 Rf6
30.h4 Qxh4 31.Rxe5 Ref8 32.Re7 R6f7 33.Rxf7 Rxf7 34.c6  1-0

[Event "New York Reshevsky"]
[Site "New York"]
[Date "1992.??.??"]
[Round "5"]
[White "Benjamin, Joel"]
[Black "Psakhis, Lev"]
[Result "1-0"]
[WhiteElo "2570"]
[BlackElo "2570"]

1.e4 e6 2.d4 d5 3.Nc3 Nf6 4.Bg5 dxe4 5.Nxe4 Nbd7 6.Nxf6+ Nxf6 7.Nf3 h6 8.Bh4 c5
9.Bb5+ Bd7 10.Bxd7+ Qxd7 11.Qe2 Be7 12.O-O-O O-O 13.dxc5 Qa4 14.Kb1 Rfd8
15.a3 Bxc5 16.Bxf6 gxf6 17.Nd2 Be7 18.Nb3 f5 19.f3 Rxd1+ 20.Rxd1 Rd8 21.Rxd8+ Bxd8
22.Qd2 Bg5 23.Qd4 Qxd4 24.Nxd4 Bf4 25.h3 Be3 26.Nb5 Kg7 27.Nd6 b6 28.c3 Kf6
29.Kc2 Bf4 30.Nb5 a6 31.Nd4 Bd6 32.Kd3 e5 33.Ne2 Ke6 34.c4 f4 35.Nc3 Bc5
36.b4 Bg1 37.Nd5 a5 38.Ke4 f5+ 39.Kd3 axb4 40.axb4 Kd6 41.Kc3 Bf2 42.Kb3 b5
43.Nc3 bxc4+ 44.Kxc4 Bh4 45.b5 Bd8 46.Nd5 Bg5 47.b6 Kc6 48.Nb4+ Kxb6 49.Kd5 e4
50.fxe4 fxe4 51.Kxe4 Kc7 52.Kf5 Kd7 53.Nd3 Ke8 54.Kg6 Ke7 55.Ne5 Ke6 56.Nf7 Be7
57.Nxh6 f3 58.gxf3 Ke5 59.Nf5 Bf8 60.h4 Kf4 61.h5 Kxf3 62.Ng7  1-0

[Event "New York Marshall CC"]
[Site "New York"]
[Date "1992.??.??"]
[Round "5"]
[White "Waitzkin, Joshua"]
[Black "Benjamin, Joel"]
[Result "0-1"]
[WhiteElo "2310"]
[BlackElo "2570"]

1.e4 e5 2.Nf3 Nc6 3.Bb5 a6 4.Bxc6 dxc6 5.O-O Qd6 6.d4 exd4 7.Nxd4 Ne7 8.Nc3 Bd7
9.Be3 O-O-O 10.Qe2 f5 11.Rad1 fxe4 12.Nxe4 Qg6 13.Nc5 Bh3 14.f3 Nd5 15.Nd3 Bxg2
16.Ne5 Bxf1+ 17.Kxf1 Qf6 18.Ng4 Qe7 19.Rd3 h5 20.Nf2 c5 21.Nf5 Qf6 22.Ng3 c4
23.Rd1 Nxe3+ 24.Qxe3 Rxd1+ 25.Nxd1 Bd6 26.Ne4 Qf4 27.Qxf4 Bxf4 28.h3 Rd8
29.Ke2 Rd5 30.Ndc3 Ra5 31.Kd1 Be5 32.Ke2 Bd4 33.a3 Bxc3 34.Nxc3 Re5+ 35.Ne4 Rb5
36.Kd2 Rxb2 37.Kc3 Ra2  0-1

[Event "New York Reshevsky"]
[Site "New York"]
[Date "1992.??.??"]
[Round "7"]
[White "Benjamin, Joel"]
[Black "Dzindzichashvili, Roman"]
[Result "1/2-1/2"]
[WhiteElo "2570"]
[BlackElo "2565"]

1.d4 Nf6 2.c4 e6 3.Nf3 b6 4.g3 Bb7 5.Bg2 Be7 6.Nc3 Ne4 7.Bd2 Bf6 8.Qc2 Nxd2
9.Qxd2 O-O 10.O-O d6 11.Rad1 Nd7 12.Rfe1 g6 13.h4 Bg7 14.h5 Qe7 15.e4 c5
16.d5 Ne5  1/2-1/2

[Event "New York Marshall CC"]
[Site "New York"]
[Date "1992.??.??"]
[Round "7"]
[White "Ibragimov, Ildar"]
[Black "Benjamin, Joel"]
[Result "0-1"]
[WhiteElo "2540"]
[BlackElo "2570"]

1.d4 Nf6 2.c4 e6 3.Nc3 Bb4 4.e3 O-O 5.Bd3 d5 6.Nf3 b6 7.a3 Bxc3+ 8.bxc3 Ba6
9.cxd5 exd5 10.O-O c5 11.Bb2 Bxd3 12.Qxd3 Nbd7 13.c4 cxd4 14.Qxd4 dxc4 15.Qxc4 Rc8
16.Qh4 Rc2 17.Rab1 Qc7 18.e4 Qc4 19.Rfe1 Re8 20.Bd4 Re2 21.Rxe2 Qxe2 22.Re1 Qd3
23.e5 Nd5 24.Qg4 Re7 25.h3 Nf8 26.Qc8 Qxa3 27.Rc1 Nf4 28.Kh2 Ne6 29.Be3 Qa4
30.Rc4 Qd7 31.Nh4 Re8 32.Qa6 Ng6 33.Nxg6 hxg6 34.Ra4 Qc7 35.f4 Re7 36.Rc4 Qb7
37.Rc8+ Kh7 38.Qxb7 Rxb7 39.g4 Rc7 40.Ra8 Rc3 41.f5 Rxe3 42.fxe6 fxe6 43.Rxa7 Rxe5
44.Rb7 b5 45.h4 g5 46.hxg5 Rxg5 47.Kg3 Kg6 48.Rb6 Kf6 49.Kh4 Rd5 50.Rb8 g6
51.Rf8+ Ke7 52.Rg8 g5+ 53.Kh5 Kd6 54.Rb8 Kc5 55.Re8 b4  0-1

[Event "New York Marshall CC"]
[Site "New York"]
[Date "1992.??.??"]
[Round "8"]
[White "Benjamin, Joel"]
[Black "Fedorowicz, John P"]
[Result "1/2-1/2"]
[WhiteElo "2570"]
[BlackElo "2560"]

1.Nf3 Nf6 2.g3 g6 3.Bg2 Bg7 4.O-O O-O 5.c4 c5 6.d4 cxd4 7.Nxd4 Nc6 8.Nc3 Nxd4
9.Qxd4 d6 10.Qd3 Bf5 11.e4 Be6 12.b3  1/2-1/2

[Event "New York Reshevsky"]
[Site "New York"]
[Date "1992.??.??"]
[Round "9"]
[White "Benjamin, Joel"]
[Black "Wolff, Patrick G"]
[Result "1/2-1/2"]
[WhiteElo "2570"]
[BlackElo "2590"]

1.Nf3 c5 2.c4 Nc6 3.Nc3 Nd4 4.e3 Nxf3+ 5.Qxf3 g6 6.d4 Bg7 7.dxc5 Bxc3+ 8.bxc3 Qa5
9.e4 Qxc5 10.Bd3 d6 11.Be3 Qa5 12.O-O Nf6 13.Bd4 O-O 14.Bxf6 exf6 15.Qxf6 Qe5
16.Qxe5 dxe5 17.Rfb1 Rd8 18.Bf1 b6 19.Rb5 Be6 20.Rxe5 Rac8 21.a4 Bxc4 22.a5 Bxf1
23.Kxf1 Rxc3 24.axb6 axb6 25.Ra2 Rd1+ 26.Ke2 Rb1 27.Re7 b5 28.e5 Rcb3 29.g3 b4
30.e6 R3b2+ 31.Rxb2 Rxb2+ 32.Kf3 fxe6 33.Rxe6 Rc2 34.Rb6 Rc3+ 35.Kf4 b3 36.h4 Kg7
37.Ke4 h5 38.f3 Kf7 39.Kf4 Kg7 40.Ke4 Kf7 41.Kf4 Rc4+  1/2-1/2

[Event "World op"]
[Site "Philadelphia"]
[Date "1992.??.??"]
[Round "2"]
[White "Benjamin, Joel"]
[Black "Moulin, Pierre"]
[Result "1-0"]
[WhiteElo "2555"]
[BlackElo "2280"]

1.e4 c5 2.Nf3 d6 3.d4 cxd4 4.Nxd4 Nf6 5.Nc3 a6 6.a4 Qc7 7.f4 Nc6 8.Be2 e6
9.O-O Be7 10.Kh1 O-O 11.Bf3 Bd7 12.Nb3 Nb4 13.Be3 Rac8 14.a5 e5 15.Rf2 exf4
16.Bxf4 Be6 17.Nd4 Qd7 18.Na4 Rcd8 19.Nb6 Qe8 20.c3 Nc6 21.Nxc6 bxc6 22.Qe2 d5
23.exd5 Nxd5 24.Nxd5 Bxd5 25.Qxa6 Bc5 26.Re2 Qd7 27.Qd3 Bxf3 28.Qxd7 Bxg2+
29.Kxg2 Rxd7 30.Rae1 h6 31.b4 g5 32.Bg3 Ba7 33.Re7 Rd2+ 34.R1e2 Rxe2+ 35.Rxe2 f5
36.Re7 f4 37.Rxa7 fxg3 38.Kxg3 Rd8 39.a6  1-0

[Event "World op"]
[Site "Philadelphia"]
[Date "1992.??.??"]
[Round "4"]
[White "Benjamin, Joel"]
[Black "Rowley, Robert"]
[Result "1-0"]
[WhiteElo "2555"]
[BlackElo "2380"]

1.e4 e5 2.Nf3 Nc6 3.Bb5 Nf6 4.O-O d6 5.Bxc6+ bxc6 6.d4 exd4 7.Qxd4 c5 8.Qd3 Be6
9.Nc3 Be7 10.e5 Ng4 11.exd6 cxd6 12.Bf4 O-O 13.Rad1 Qb6 14.b3 Rad8 15.Nd5 Bxd5
16.Qxd5 Nf6 17.Qf5 d5 18.Rfe1 Rfe8 19.Bg5 g6 20.Qe5 Ng4 21.Qf4 Bxg5 22.Rxe8+ Rxe8
23.Qxg4 Bf6 24.Rxd5 Bd4 25.h3 Qb8 26.Qd7 Re2 27.Qd8+ Qxd8 28.Rxd8+ Kg7 29.Nxd4 cxd4
30.Rxd4 Rxc2 31.Ra4 Rc7 32.Ra6 Kf8 33.Kf1 Ke7 34.Ke2 f5 35.Ke3 Kd7 36.h4 Kc8
37.h5 gxh5 38.Ra5 Rg7 39.g3 h4 40.gxh4 Rg4 41.h5 Rg5 42.Rxa7 Rxh5 43.Kf4 Rh2
44.f3 Rh3 45.a3 h5 46.Rf7 h4 47.Rxf5 Rh1 48.b4 Rg1 49.Rh5 Ra1 50.Rxh4 Rxa3
51.Kg3 Kd7 52.Rd4+ Ke6 53.Kf4 Ra1 54.Ke4 Ra3 55.f4 Rb3 56.f5+ Ke7 57.Kd5 Rf3
58.Re4+ Kd7 59.Ke5 Ke7 60.Rf4 Rd3 61.f6+ Kf7 62.Rd4 Re3+ 63.Kd6 Re6+ 64.Kc7 Rxf6
65.b5 Rf1 66.Re4  1-0